Score 0/12 Timer 02:00
3 Plays Today
Question Answer Wrong Answers
When he first appeared?
1996 (Video Game)
Voltorb
88.3%
BB-8
3%
HAL 9000
5.2%
When he first appeared?
2015 (Movie)
BB-8
85.7%
HAL 9000
5%
Voltorb
5.6%
When he first appeared?
1968 (Book)
HAL 9000
85.3%
BB-8
4.8%
Voltorb
6.2%
Who created him?
Arthur C. Clarke
HAL 9000
84.8%
BB-8
6.3%
Voltorb
5.2%
Which round character...?
Speaks in a soft, calm voice with a conversational manner.
HAL 9000
83.9%
BB-8
9.2%
Voltorb
3.2%
Who created him?
J. J. Abrams
BB-8
82.8%
HAL 9000
9.4%
Voltorb
4.2%
Who created him?
Ken Sugimori
Voltorb
82.2%
BB-8
7.1%
HAL 9000
7.1%
Which round character...?
Explodes at the slightest of shocks
Voltorb
81.4%
BB-8
9.1%
HAL 9000
5.7%
Where can you find him?
Jakku
BB-8
77.3%
HAL 9000
4.8%
Voltorb
14.4%
Where can you find him?
On the 'Discovery One'
HAL 9000
74.6%
BB-8
15.9%
Voltorb
5.6%
Where can you find him?
Kanto
Voltorb
74%
BB-8
14.6%
HAL 9000
8.1%
Which round character...?
Used slot machine coins to subdue a guard
BB-8
60.8%
HAL 9000
14.3%
Voltorb
21.3%

Today's Daily Dose

You're not logged in!

Compare scores with friends on all Sporcle quizzes.
OR
Log In

Sporcle TV

Today on Sporcle TV


Watch our educational content, quiz creation guides, and fun videos on Sporcle TV.

Show Comments

Extras

Top Quizzes Today


Score Distribution

Paid Content

Your Account Isn't Verified!

In order to create a playlist on Sporcle, you need to verify the email address you used during registration. Go to your Sporcle Settings to finish the process.

Report this User

Report this user for behavior that violates our Community Guidelines.

Details: